000 00345nam a22001457a 4500
020 _a9788131716250
082 _a005.7406
_bELM/FU
100 _a Elmasri,Ramez
_9641
100 _aNavathe,Shamkant,B
_9642
245 _aFundamentals of Database Systems
250 _a5 th
260 _aNew Delhi
_bPearson
_c2013
300 _a1143
942 _cBK
999 _c14397
_d14397